000 00352nam a22001337a 4500
082 _a300
_bSIN/S
100 _aSINHA,KUMKUM
245 _aSOCIAL SCIENCE-8 NCERT
246 _aSOCIAL SCIENCE-8 NCERT
_bSOCIAL SCIENCE-8 NCERT
260 _aNEW DELHI
_bFULL MARKS
300 _a308
520 _aHISTORY,GEOGRAPHY,CIVICS,DISASTER MANAGEMENT
942 _cBK
999 _c8534
_d8534